00331nam a2200133Ia 450000500170000000800460001703700120006304000200007504100130009508400270010824500430013526000090017830000100018720250923144432.0008 250917s9999 xx 000 0 eng d aTextual aDSWLbengcDSWL aeng2eng aT4(Q6)u2.N46, H6qDSWL 4aThe student outlookcEd. by Ram A Rall c1946 a80 p.